• 首页
  • 本馆介绍
  • 公告通知
  • 最新文献
  • 馆藏检索
  • 电子资源
  • 读者导购
  • 参考咨询
  • 我的图书馆
  • 登录
  • 详细信息显示
  • 放入我的书架
  • 预约/预借图书
  • 作者相关作品
  • 分类相关作品
  • 丛书相关作品
  • 出版社相关作品

书目信息

  • 表格格式
  • 工作单格式
  • 卡片格式
题名:
博弈论导论
    
 
作者: 侯定丕 编著
分册:  
出版信息: 合肥   中国科学技术大学出版社  2004
页数: 196页
开本: 23cm
丛书名:
单 册:
中图分类: O225
科图分类:
主题词: 对策论--应用--经济 , 对策论 , 经济
电子资源:
ISBN: 7-312-01633-2
000 00818nam0 2200253 450
001 012007580699
005 20070525154717.03
010    @a7-312-01633-2@dCNY25.00
100    @a20070517d2004 km y0chiy0120 ea
101 0  @achi
102    @aCN@b340000
105    @ay z 000yy
106    @ar
200 1  @a博弈论导论@Abo yi lun dao lun@f侯定丕[编著]@Fhou ding pi[bian zhu]
210    @a合肥@c中国科学技术大学出版社@d2004
215    @a196页@d23cm
330    @a本书从博弈的定义以及博弈论简史讲起,介绍了博弈论经典理论、Nash均衡、合作博弈、完全信息动态博弈、不完全信息博弈,以及博弈论的最新进展与应用等。
606 0  @a对策论@x应用@x经济
606 0  @a对策论
606 0  @a经济
690    @aO225@v4
701  0 @a侯定丕@Ahou ding pi@c(数理经济学)@4编著
801  0 @aCN@bRULIN@c20070525
905    @dO225@e127@s5
    
    博弈论导论/侯定丕[编著].-合肥:中国科学技术大学出版社,2004
    196页;23cm
    
    
    ISBN 7-312-01633-2:CNY25.00
    本书从博弈的定义以及博弈论简史讲起,介绍了博弈论经典理论、Nash均衡、合作博弈、完全信息动态博弈、不完全信息博弈,以及博弈论的最新进展与应用等。
●
相关链接 在E读中查询图书 在五车中查询图书 在当当中查询图书 在豆瓣中查询图书


正题名:博弈论导论     索取号:O225/127         预约/预借

序号 登录号 条形码 馆藏地/架位号 状态 备注
1 0581112   205811120   第二样本阅览室/ [索取号:O225/127] 在馆    
2 0581113   205811139   第三借阅区/ [索取号:O225/127] 在馆    
3 0581114   205811148   第三借阅区/ [索取号:O225/127] 在馆    
4 0581115   205811157   第三借阅区/ [索取号:O225/127] 在馆    
5 0581116   205811166   第三借阅区/ [索取号:O225/127] 在馆    
唐山师范学院图书馆 欢迎您!
大连网信软件有限公司© 版权所有